000 00991nam a22002537a 4500
005 20240530110510.0
008 151021s2011 ua a f 000 0 ara d
017 _a2011/9621
_bمصر . دار الكتب المصرية
040 _aEG-CaGPL
082 0 4 _221
_a303.4
_bق/ع ج
100 0 _aعماد الصابر
245 1 0 _aجمهورية الفساد :
_bمبارك والذين معه /
_cعماد الصابر
250 _aط1.
260 _aالقاهرة :
_bمكتبة جزيرة الورد ،
_c2011 .
300 _a528 ص ؛
_c24 سم .
650 0 4 _aالفساد السياسى
_yعصر مبارك .
_zمصر
650 0 4 _aالمعونة الامريكية
_zمصر .
650 0 4 _aالعشوايات
_zمصر .
650 0 4 _aالقمح
_xمشكلات
_zمصر .
650 0 4 _aمحلات عمر افندى
_xتخصيص .
651 0 4 _aمصر
_xالاحوال السياسية
_yعصر مبارك .
942 _2ddc
_cBK
999 _c61656
_d61656